LEADER 00916nam0-22003131i-450- 001 990004215950403321 005 20080702101410.0 010 $a0-415-18406-1 035 $a000421595 035 $aFED01000421595 035 $a(Aleph)000421595FED01 035 $a000421595 100 $a19990604d1998----km-y0itay50------ba 101 0 $aeng 105 $ay-------001cy 200 1 $aLinguistic culture and language policy$fHarold F. Schiffman 210 $aLondon and New York$cRoutledge$d1998 215 $aXII, 351 p.$d22 cm 225 1 $a<>politics of language 610 0 $aLinguaggio e cultura 676 $a306.449$v21$zita 700 1$aSchiffman,$bHarold F.$0165913 801 0$aIT$bUNINA$gRICA$2UNIMARC 901 $aBK 912 $a990004215950403321 952 $a306.449 SCH 1$bBibl.34043$fFLFBC 959 $aFLFBC 996 $aLinguistic culture and language policy$9482663 997 $aUNINA LEADER 01698nam a2200397 i 4500 001 991001711969707536 008 060621s2006 riua b 100 0 eng 020 $a0821836986 035 $ab13415426-39ule_inst 040 $aDip.to Matematica$beng 082 0 $a515.353$222 084 $aAMS 00B25 084 $aAMS 35K05 084 $aAMS 22E45 084 $aLC QA333.I24 111 2 $aAMS special session, the ubiquitous heat kernel$d<2003 ;$cBoulder, Colorado>$0623796 245 04$aThe ubiquitous heat kernel :$bAMS special session, the ubiquitous heat kernel, October 2-4, 2003, Boulder, Colorado /$cJay Jorgenson, Lynne Walling, editors 260 $aProvidence, R.I. :$bAmerican Mathematical Society,$cc2006 300 $av, 402 p. :$bill. ;$c26 cm 440 0$aContemporary mathematics,$x0271-4132 ;$v398 504 $aIncludes bibliographical references 650 0$aHeat equation$vCongresses 650 0$aLie groups$vCongresses 650 0$aJacobi forms$vCongresses 650 0$aGeometry, Algebraic$vCongresses 650 0$aOperator theory$vCongresses 650 0$aGlobal differential geometry$vCongresses 650 0$aSpectral theory (Mathematics)$vCongresses 700 1 $aJorgenson, Jay$eauthor$4http://id.loc.gov/vocabulary/relators/aut$060132 700 1 $aWalling, Lynne$eauthor$4http://id.loc.gov/vocabulary/relators/aut$0308260 907 $a.b13415426$b16-11-06$c21-06-06 912 $a991001711969707536 945 $aLE013 00B JOR11 (2006)$g1$i2013000202938$lle013$op$pE84.57$q-$rl$s- $t0$u1$v0$w1$x0$y.i14266660$z12-07-06 996 $aUbiquitous heat kernel$91462233 997 $aUNISALENTO 998 $ale013$b21-06-06$cm$da $e-$feng$griu$h4$i0